000 00523 a2200193 4500
001 63716
005 20260407155935.0
008 260407a1974 arg spa d
003 AR-UNSa-BCEJYS
040 _aAR-UNSa-BCEJYS
_bspa
_cAR-UNSa-BCEJYS
080 _a657
_xContabilidad
245 1 0 _aIntroducción a la contabilidad con computadoras
264 1 _aMéxico :
_bLimusa
_c1974
300 _a190 p.
_c23 cm.
041 _aspa
942 _cBK
590 _aniveau_biblio:m niveau_hierar:0
100 1 _aLinton, Andrew F.
999 _c8276
_d8276